Blanqueo, tapón fiscal, consumido y otros aspectos. Ley 27743 (Registro nro. 20659)
[ vista simple ]
| 000 -LEADER | |
|---|---|
| fixed length control field | 00342 a2200109 4500 |
| 001 - CONTROL NUMBER | |
| control field | ART_61805 |
| 005 - DATE AND TIME OF LATEST TRANSACTION | |
| control field | 20260410161802.0 |
| 008 - FIXED-LENGTH DATA ELEMENTS--GENERAL INFORMATION | |
| fixed length control field | 260409a |
| 100 1# - MAIN ENTRY--PERSONAL NAME | |
| Personal name | Schwartzman, Daniel |
| 245 10 - TITLE STATEMENT | |
| Title | Blanqueo, tapón fiscal, consumido y otros aspectos. Ley 27743 |
| 773 0# - HOST ITEM ENTRY | |
| Title | Doctrina tributaria |
| Related parts | - Nº 536 (nov. 2024) |
| Record control number | REV4296 |
No hay ítems disponibles.